000 00559nam a2200181 i 4500
001 92850
003 ES-MaACL
005 20230906181054.0
007 t|
008 050330s1970 sp ||||1| spa d
100 1 _aLivesley, R. K.
_972594
245 1 0 _aMétodos matriciales para cálculo de estructuras /
_cR. K. Livesley; versión Julio Martínez Calzón.
250 _a[1ª ed.].
260 _aMadrid :
_bBlume,
_c1970.
300 _aXII, 206 p. :
_bil. ;
_c25 cm.
700 1 _aMartínez Calzón, Julio.
_977918
852 _aES-MaACL
_jC-37685
_bR.73465
999 _c92850
_d92850